• 首页
  • 本馆介绍
  • 公告通知
  • 最新文献
  • 馆藏检索
  • 电子资源
  • 读者导购
  • 参考咨询
  • 我的图书馆
  • 登录
  • 详细信息显示
  • 放入我的书架
  • 预约/预借图书
  • 作者相关作品
  • 分类相关作品
  • 丛书相关作品
  • 出版社相关作品

书目信息

  • 表格格式
  • 工作单格式
  • 卡片格式
书名: Conflict after the Cold War
作者: edited by Richard K. Betts
分册号:
分册名:
出版地: New York :
 
出版社: Macmillan Pub
出版时间: c1994.
页数: 520 p. ;
开本: 24 cm.
丛书名:
中图分类号:
科图分类号:
其他分类号: D5
主题词:
电子资源:
000 01038nam 2200301 a 4500
001 E0759174734
003 DLC
005 20070423163837.42
008 uu
008 930325s1994 nyu 000 0 eng
010    @a93010550
020    @a0023091916 (pbk.).
040    @aDLC @cDLC
049    @aN5LA
050 00 @aD2009 @b.C66 1994
082 00 @a909.82/DH @220
090    @aD5
096    @aD5 @v3
099    @dD5@ex13
245 00 @aConflict after the Cold War :@bArguments on Causes of War and Peace / @cedited by Richard K. Betts
260    @aNew York :@bMacmillan Pub.,@cc1994.
263    @a9401
300    @a520 p. ;@c24 cm.
650  0 @aWar.
650  0 @aWorld politics @y1989-
650  0 @aPeace.
700 10 @aBetts, Richard K., @d1947- , @eed. @b00 @c20020930 @lNLC09 @h2252 @b00 @c20021015 @lNLC09 @h0427 @b00 @c20021104 @lNLC09 @h1138 @lNLC09 @h0003 @lNLC09 @h1955 @b00 @c20030716 @lNLC09 @h1411 @b01 @c20050602 @lNLC09 @h1022 @b01 @c20050602 @lNLC09 @h1022
852 9  @bWWJC @cJ09 @k2-95 @hD5 @iC74
    
    Conflict after the Cold War : : Arguments on Causes of War and Peace / / edited by Richard K. Betts.-New York : : Macmillan Pub., , c1994.
    520 p. ; ; 24 cm.
    
    
    ISBN 0023091916 (pbk.).
    
●
相关链接 在E读中查询图书 在五车中查询图书 在当当中查询图书 在豆瓣中查询图书


正题名:Conflict after the Cold War     索取号:D5/x13         预约/预借

序号 登录号 条形码 馆藏地/架位号 状态 备注
1 4772   300047722   第二样本阅览室/ [索取号:D5/x13] 在馆    
2 4773   300047731   第四借阅区/ [索取号:D5/x13] 在馆    
3 4774   300047740   第四借阅区/ [索取号:D5/x13] 在馆    
4 4775   300047759   第四借阅区/ [索取号:D5/x13] 在馆    
唐山师范学院图书馆 欢迎您!
大连网信软件有限公司© 版权所有